000 00365cam a2200145ua 4500
041 _aeng
_h
082 _a828.09
_bLAM/ST
100 _aLamb, Charles .
245 _aStudies in Prose-writers Vol.VI Charles Lamb /
_cCharles Lamb.
_hTextual Documents
260 _a :
_bChand & Co ,
_c1963.
300 _a74 ; .
504 _a
942 _cBK
999 _c3389
_d3389